| 000 | 00859nam a2200229Ia 4500 | ||
|---|---|---|---|
| 001 | 9277 | ||
| 003 | GE_BSU | ||
| 008 | 181216s||||||||xx |||||||||||||| ||und|| | ||
| 040 | _cGE_BSU | ||
| 080 | _a821.353.1-32 | ||
| 100 | _aლორთქიფანიძე,კონსტანტინე | ||
| 245 | _aუშენოდ | ||
| 245 | _bახალი მოთხრობები,ლექსები,წერილები. | ||
| 245 | _cრედ:ნ.კალაქნდარიშვილი;მხატვ:სპ.ცინცაძე | ||
| 260 | _aთბილისი. | ||
| 260 | _bნაკადული. | ||
| 260 | _c1976 | ||
| 300 | _a88გვ;16სმ.ილ. | ||
| 653 | _aახალი მოთხრობები,ლექსები,წერილები. | ||
| 653 | _aუშენოდ | ||
| 942 | _cBK | ||
| 999 |
_c42576 _d42576 |
||